00660nam a2200181u 45000010005000000030008000050050017000130080041000300350018000710400035000890410008001240820023001321000038001552450155001932600036003483000028003846500066004125165BD-RjUL20211208234024.0131224s1967 enka 000 0 eng d a(BD-RjUL)5201 aDLCcCarPdDLCd(BD-RjUL)beng aeng00220a332.10944bSOT1 aSowelem, R. A. [from old catalog]10aTowards financial independence in a developing economy :ban analysis of the monetary experience of the Federation of Rhodesia and Nyasaland, 1852-63  aLondon :bAllen & Unwin,c1967. a329 p. :bill ;c23 cm. 0aBanks and bankingxRhodesia and Nyasaland. [from old catalog]